| 000 | 00381pab a2200157 454500 | ||
|---|---|---|---|
| 008 | 180718b1962 xxu||||| |||| 00| 0 eng d | ||
| 100 | _aGore-Booth, Sir Paul | ||
| 245 | _aDecision or pending | ||
| 260 | _c1962 | ||
| 300 | _ap.10-17. | ||
| 362 | _aJan-Mar | ||
| 650 | _aDecision making | ||
| 773 | _aIndian Journal of Public Administration | ||
| 908 | _aN | ||
| 909 | _a100410 | ||
| 999 |
_c100409 _d100409 |
||